| 000 | 01042nam a22002537a 4500 | ||
|---|---|---|---|
| 003 | OSt | ||
| 005 | 20251017191559.0 | ||
| 008 | 240201b ||||| |||| 00| 0 eng d | ||
| 040 | _c0 | ||
| 082 | _aDPer 621.317 Ie21 January 2022 v. 37 n. 1 | ||
| 100 |
_aHsieh, Yao-Ching. _eauthor. _951164 |
||
| 245 |
_aA soft-switching interleaved buck-boost LED driver with coupled inductor / _cYao-Ching Hsieh, Hung-Liang Cheng, En-Chih Chang, and Wei-Di Huang. |
||
| 260 |
_aNew York ; _bThe Institute of Electrical and Electronics Engineers, Inc. , _cJanuary 2022. |
||
| 300 |
_aVolume 37, pages 577-587 : _billustration ; _c28 cm. |
||
| 500 | _aIEEE Transactions on Power Electronic, v. 37 n. 1, pages 577-587, January 2022. | ||
| 650 | 0 |
_aBuck-boost converter. _965872 |
|
| 650 | 0 |
_aInductors. _965801 |
|
| 650 | 0 |
_aWindings. _965851 |
|
| 700 |
_aHsieh, Yao-Ching. _eauthor. _951164 |
||
| 700 |
_aCheng, Hung-Liang. _eauthor. _951165 |
||
| 700 |
_aChang, En-Chih. _eauthor. _951166 |
||
| 700 |
_aHuang, Wei-Di. _eauthor. _951167 |
||
| 942 |
_2ddc _cPER |
||
| 999 |
_c18867 _d18867 |
||